| 000 -LEADER |
| fixed length control field |
00343nam a2200133Ia 4500 |
| 008 - FIXED-LENGTH DATA ELEMENTS--GENERAL INFORMATION |
| fixed length control field |
190722s9999 xx 000 0 und d |
| 020 ## - INTERNATIONAL STANDARD BOOK NUMBER |
| International Standard Book Number |
978-81-224-3142-1 |
| 100 ## - MAIN ENTRY--PERSONAL NAME |
| Personal name |
Subhadeep Bhattacharjee |
| 245 #0 - TITLE STATEMENT |
| Title |
Solar Electricity Generation |
| 250 ## - EDITION STATEMENT |
| Edition statement |
4th |
| 260 ## - PUBLICATION, DISTRIBUTION, ETC. (IMPRINT) |
| Place of publication, distribution, etc |
New Delhi |
| Name of publisher, distributor, etc |
New Age International |
| Date of publication, distribution, etc |
2012 |
| 300 ## - PHYSICAL DESCRIPTION |
| Extent |
730 |
| 942 ## - ADDED ENTRY ELEMENTS (KOHA) |
| Koha item type |
Books |